000 00405cam a2200169ua 4500
020 _c4.00
041 _aeng
_h
082 _a651.75
_bMAJ/CO
100 _aMajumdar, M .
245 _aCommercial correspondence /
_cM Majumdar.
_hTextual Documents
260 _aCalcutta :
_bBookland Pvt Ltd ,
_c1962.
300 _a333 ; .
365 _a4.00
504 _a
942 _cBK
999 _c6381
_d6381